Capitals - Oceania Quiz - Statistics

General Stats
  • This quiz has been taken 15 times
  • The average score is 8 of 14
Answers on the Map
Answers color-coded by a green-red scale on the quiz's map according to % correct below.
 
Answer Stats
Answer % Correct
Wellington
90%
Canberra
80%
Port Moresby
80%
Ngerulmud
60%
Palikir
60%
Port Vila
60%
Tarawa
60%
Majuro
50%
Nuku'alofa
50%
Suva
50%
Apia
40%
Funafuti
40%
Yaren
40%
Honiara
30%
No matching quizzes found
Score Distribution
Percent of People with Each Score
Percentile by Number Answered
Your Score History
You have not taken this quiz